书目信息 |
| 题名: |
生物化学
|
|
| 作者: | 杨在清 , 夏涛 主编 | |
| 分册: | ||
| 出版信息: | 北京 科学技术文献出版社 2006.07 |
|
| 页数: | 526页 | |
| 开本: | 21cm | |
| 丛书名: | 《农林院校必修课考试辅导》丛书 | |
| 单 册: | ||
| 中图分类: | Q5 | |
| 科图分类: | ||
| 主题词: | 生物化学--sheng wu hua xue--高等学校--自学参考资料 | |
| 电子资源: | ||
| ISBN: | 7-5023-4386-5 | |
| 000 | 01091nam 2200277 450 | |
| 001 | 012007765324 | |
| 005 | 20070926164909.04 | |
| 010 | @a7-5023-4386-5@dCNY25.00 | |
| 100 | @a20070711d2006 km y0chiy0120 ea | |
| 101 | 0 | @achi |
| 102 | @aCN@b110000 | |
| 105 | @aa a 000yy | |
| 200 | 1 | @a生物化学@Asheng wu hua xue@f杨在清, 夏涛主编@Fyang zai qing,xia tao zhu bian |
| 205 | @a第2版@b修订版 | |
| 210 | @a北京@c科学技术文献出版社@d2006.07 | |
| 215 | @a526页@c图@d21cm | |
| 225 | 0 | @a《农林院校必修课考试辅导》丛书@A《nong lin yuan xiao bi xiu ke kao shi fu dao》cong shu |
| 320 | @a有书目。 | |
| 330 | @a本书内容是在王镜岩教授主编《生物化学》第三版的基础上,结合农林院校的教学特点,按照农林院校生物化学教学大纲的章节顺序进行编排,其中每章都包括教学大纲的基础要求、知识要点、重点与难点、典型例题解析单元自测题和参考答案。 | |
| 410 | 0 | @12001 @a农林院校必修课考试辅导丛书 |
| 606 | 0 | @a生物化学@Asheng wu hua xue@x高等学校@j自学参考资料 |
| 690 | @aQ5@v4 | |
| 701 | 0 | @a杨在清@Ayang zai qing@4主编 |
| 701 | 0 | @a夏涛@Axia tao@4主编 |
| 801 | 0 | @aCN@c20070926 |
| 905 | @dQ5@eY335 | |
| 生物化学/杨在清, 夏涛主编.-第2版,修订版.-北京:科学技术文献出版社,2006.07 |
| 526页:图;21cm.-(《农林院校必修课考试辅导》丛书) |
| ISBN 7-5023-4386-5:CNY25.00 |
| 本书内容是在王镜岩教授主编《生物化学》第三版的基础上,结合农林院校的教学特点,按照农林院校生物化学教学大纲的章节顺序进行编排,其中每章都包括教学大纲的基础要求、知识要点、重点与难点、典型例题解析单元自测题和参考答案。 |
| ● |
| 相关链接 |
|
|
|
正题名:生物化学
索取号:Q5/Y335
 
预约/预借
| 序号 | 登录号 | 条形码 | 馆藏地/架位号 | 状态 | 备注 |
| 1 | 244894 | 202448949 | 自科库401/401自科库 28排4列1层/ [索取号:Q5/Y335] | 在馆 | |
| 2 | 244895 | 202448958 | 期刊室512/401自科库 28排4列1层/ [索取号:Q5/Y335] | 在馆 | |
| 3 | 244896 | 202448967 | 期刊室512/401自科库 28排4列1层/ [索取号:Q5/Y335] | 在馆 |